<?xml version="1.0" encoding="UTF-8"?>
<collection xmlns:xsi="http://www.w3.org/2001/XMLSchema-instance" xsi:schemaLocation="http://www.loc.gov/MARC21/slim http://www.loc.gov/standards/marcxml/schema/MARC21slim.xsd" xmlns="http://www.loc.gov/MARC21/slim">
 <record>
  <leader>00000cmm a22000004i 4500</leader>
  <controlfield tag="001">UP-99796217613592419</controlfield>
  <controlfield tag="003">Buklod</controlfield>
  <controlfield tag="005">20210222102250.0</controlfield>
  <controlfield tag="006">m    |o  d |      </controlfield>
  <controlfield tag="007">cr || |||a|a|a</controlfield>
  <controlfield tag="008">180524s2019    xx |||| o  u |      eng d</controlfield>
  <datafield tag="020" ind1=" " ind2=" ">
   <subfield code="a">9783319899114 (online ISBN)</subfield>
  </datafield>
  <datafield tag="035" ind1=" " ind2=" ">
   <subfield code="a">(iLib)UPD-00523171116</subfield>
  </datafield>
  <datafield tag="040" ind1=" " ind2=" ">
   <subfield code="a">DLC</subfield>
   <subfield code="d">DENGII</subfield>
   <subfield code="e">rda</subfield>
  </datafield>
  <datafield tag="041" ind1=" " ind2=" ">
   <subfield code="a">eng</subfield>
  </datafield>
  <datafield tag="084" ind1=" " ind2=" ">
   <subfield code="a">TA 213</subfield>
   <subfield code="b">M43 2019eb</subfield>
  </datafield>
  <datafield tag="245" ind1="0" ind2="0">
   <subfield code="a">Mechanism, machine, robotics and mechatronics sciences</subfield>
   <subfield code="c">Rany Rizk, Mariette Awad, editors.</subfield>
  </datafield>
  <datafield tag="264" ind1=" " ind2="1">
   <subfield code="a">Cham</subfield>
   <subfield code="b">Springer International Publishing</subfield>
   <subfield code="c">[2019]</subfield>
  </datafield>
  <datafield tag="300" ind1=" " ind2=" ">
   <subfield code="a">1 online resource.</subfield>
  </datafield>
  <datafield tag="336" ind1=" " ind2=" ">
   <subfield code="a">text</subfield>
   <subfield code="2">rdacontent</subfield>
  </datafield>
  <datafield tag="337" ind1=" " ind2=" ">
   <subfield code="a">computer</subfield>
   <subfield code="2">rdamedia</subfield>
  </datafield>
  <datafield tag="338" ind1=" " ind2=" ">
   <subfield code="a">online resource</subfield>
   <subfield code="2">rdacarrier</subfield>
  </datafield>
  <datafield tag="490" ind1="1" ind2=" ">
   <subfield code="a">Mechanisms and Machine Science</subfield>
  </datafield>
  <datafield tag="505" ind1="0" ind2=" ">
   <subfield code="a">Preface -- Section I: temperature effects of the machinery -- 1. On the Validation of the Proper Generalized Decomposition Method with Finite Element Method: 3D Heat Problem Under Cyclic Loading, by A. Al Takash, M. Beringhier, and M. Hammoud -- 2. Qualification and validation of an in-situ measurement method of the machining temperature, by D. Kara Ali, N. Benhadji Serradj, M.E.A. Ghernaout -- Section II : Innovation in the engineering -- 3. Simple On-Line Single-View Video summarization for Machine-to-Machine Wireless Multimedia Sensor Network, by Thanaa Jbeily, Iyad Hatem, Mothanna Alkubeily, and Yacine Challal -- 4. Design and Development of a Pipeline Inspection Robot, by M. Roussialian, H. Al Zanbarakji, A. Khawand, A. Rahal, and M.Owayjan -- 5. Developing a sensorless sun tracker for PV panels, by B. Nehme, A. Fenianos, and T. Akiki -- Section III: Biomedical engineering -- 6. Modelling the Deformation of Biologically Inspired Flexible Structures for Needle Steering, by T. Watts, R. Secoli, and F. Rodriguez y Baena -- 7. On control design for a lower limb orthosis: A comparative study in different operating conditions, by N.Roula, A.Chemori, R. Rizk, and Y.Zaatar -- 8. Robustness analysis of an upper limb exoskeleton controlled by sliding mode algorithm, by Sana Bembli, Nahla Khraief Haddad, and Safya Belghith -- Section IV: Vibrations -- 9. Coupled Magnetic and CFD Modelling of a Structural Magnetorheological Vibration Absorber with Experimental Validation, by M. Kemerli , T. Engin, and Z. Parlak -- 10. Self-Running Fault Diagnosis Method for rolling element bearing, by S. Kass, A. Raad, and J. Antoni -- 11. Effects of Yoke Thickness Change on the Vibration of an Electric Machine, by H. Issa, N. Khishen, F. Druesne, J. Hallal, M. Hammoud, and A. Hallal -- Section V: Mechanisms and control -- 12. From Non-Model-Based to Model-Based Control of PKMs: A Comparative Study, by H. Saied, A. Chemori, M. El Rafei, C. Francis, and F. Pierrot -- 13. Parallel robot integration and synchronization in a waste sorting system, by E. Mokled, G. Chartouni, C. Kassis, and R. Rizk -- 14. Creative Design of 2-DOF, 7-link Multiloop Robotic Mechanisms, by Vladimir Pozhbelko and Ekaterina Kuts -- 15. Structural Synthesis of 1-DOF up to 5-loop Kinematic Chains with Multiple Joints and Its Analysis in Robotics, by Ekaterina Kuts, Dmitry Kuts, and Vladimir Pozhbelko -- 16. New cable driven wrist, by E. Backri Kasbah, M. Rizk, C. Kassis, and R. Rizk -- Section: VI Quadcopters and mobile robots -- 17. Active Fault-Tolerant Control of Quadrotor UAVs Based on Passive Controller Bank, by Abdel-Razzak Merheb and Hassan Noura -- 18. Low-Cost Quadcopter Indoor Positioning System Based on Image Processing and Neural Networks, by I. Hatem, M. Jamal, Y. Murhij, and Z. Ali -- 19. UKF-Assisted SLAM for 4WDDMR Localization and Mapping, by Abdulkader Joukhadar, Dalia Kass Hanna, Andreas Mèuller, and Christoph Stèoger -- 20. Trajectory Tracking Control of a Quadcopter UAV Using Nonlinear Control Approaches, by Abdulkader Joukhadar, Mohammad Al Chehabi, Christoph Stèoger, and Andreas Mèuller.</subfield>
  </datafield>
  <datafield tag="506" ind1=" " ind2=" ">
   <subfield code="a">IP-based subscription, on campus and remote access.</subfield>
   <subfield code="c">Access via Electronic Resources of the UPD Engineering Library and University Library websites.</subfield>
  </datafield>
  <datafield tag="533" ind1=" " ind2=" ">
   <subfield code="a">Electronic reproduction.</subfield>
   <subfield code="b">Cham</subfield>
   <subfield code="c">Springer International Publishing</subfield>
   <subfield code="d">2019.</subfield>
   <subfield code="n">Available via World Wide Web through SpringerLink.</subfield>
  </datafield>
  <datafield tag="650" ind1=" " ind2="0">
   <subfield code="a">Control engineering.</subfield>
  </datafield>
  <datafield tag="650" ind1=" " ind2="0">
   <subfield code="a">Dynamical systems.</subfield>
  </datafield>
  <datafield tag="650" ind1=" " ind2="0">
   <subfield code="a">Dynamics.</subfield>
  </datafield>
  <datafield tag="650" ind1=" " ind2="0">
   <subfield code="a">Machinery.</subfield>
  </datafield>
  <datafield tag="650" ind1=" " ind2="0">
   <subfield code="a">Manufactures.</subfield>
  </datafield>
  <datafield tag="650" ind1=" " ind2="0">
   <subfield code="a">Mechatronics.</subfield>
  </datafield>
  <datafield tag="650" ind1=" " ind2="0">
   <subfield code="a">Robotics.</subfield>
  </datafield>
  <datafield tag="650" ind1=" " ind2="0">
   <subfield code="a">Vibration.</subfield>
  </datafield>
  <datafield tag="650" ind1=" " ind2="0">
   <subfield code="a">Electronic books.</subfield>
  </datafield>
  <datafield tag="658" ind1=" " ind2=" ">
   <subfield code="a">Electrical measurements laboratory</subfield>
   <subfield code="c">EEE 34</subfield>
   <subfield code="2">College of Engineering, University of the Philippines Diliman.</subfield>
  </datafield>
  <datafield tag="658" ind1=" " ind2=" ">
   <subfield code="a">Signals and systems</subfield>
   <subfield code="c">EEE 35</subfield>
   <subfield code="2">College of Engineering, University of the Philippines Diliman.</subfield>
  </datafield>
  <datafield tag="658" ind1=" " ind2=" ">
   <subfield code="a">Modern audio engineering</subfield>
   <subfield code="c">ECE 155</subfield>
   <subfield code="2">College of Engineering, University of the Philippines Diliman.</subfield>
  </datafield>
  <datafield tag="658" ind1=" " ind2=" ">
   <subfield code="a">Introduction to communication systems</subfield>
   <subfield code="c">EEE 107</subfield>
   <subfield code="2">College of Engineering, University of the Philippines Diliman.</subfield>
  </datafield>
  <datafield tag="658" ind1=" " ind2=" ">
   <subfield code="a">Electromagnetic fields II</subfield>
   <subfield code="c">EE 217</subfield>
   <subfield code="2">College of Engineering, University of the Philippines Diliman.</subfield>
  </datafield>
  <datafield tag="658" ind1=" " ind2=" ">
   <subfield code="a">Analog integrated circuits</subfield>
   <subfield code="c">EE 220</subfield>
   <subfield code="2">College of Engineering, University of the Philippines Diliman.</subfield>
  </datafield>
  <datafield tag="658" ind1=" " ind2=" ">
   <subfield code="a">Electronic amplifier design</subfield>
   <subfield code="c">EE 221</subfield>
   <subfield code="2">College of Engineering, University of the Philippines Diliman.</subfield>
  </datafield>
  <datafield tag="658" ind1=" " ind2=" ">
   <subfield code="a">Microwave theory and techniques</subfield>
   <subfield code="c">EE 271</subfield>
   <subfield code="2">College of Engineering, University of the Philippines Diliman.</subfield>
  </datafield>
  <datafield tag="658" ind1=" " ind2=" ">
   <subfield code="a">Radiowave propagation &amp; radio link design</subfield>
   <subfield code="c">EE 272</subfield>
   <subfield code="2">College of Engineering, University of the Philippines Diliman.</subfield>
  </datafield>
  <datafield tag="658" ind1=" " ind2=" ">
   <subfield code="a">Analysis and design of high performance digital integrated circuits</subfield>
   <subfield code="c">EE 320</subfield>
   <subfield code="2">College of Engineering, University of the Philippines Diliman.</subfield>
  </datafield>
  <datafield tag="658" ind1=" " ind2=" ">
   <subfield code="a">Semiconductor devices II</subfield>
   <subfield code="c">EE 325</subfield>
   <subfield code="2">College of Engineering, University of the Philippines Diliman.</subfield>
  </datafield>
  <datafield tag="658" ind1=" " ind2=" ">
   <subfield code="a">Introduction to analog integrated circuit design</subfield>
   <subfield code="c">CoE 143</subfield>
   <subfield code="2">College of Engineering, University of the Philippines Diliman.</subfield>
  </datafield>
  <datafield tag="700" ind1="1" ind2=" ">
   <subfield code="a">Awad, Mariette</subfield>
   <subfield code="e">editor.</subfield>
  </datafield>
  <datafield tag="700" ind1="1" ind2=" ">
   <subfield code="a">Rizk, Rany</subfield>
   <subfield code="e">editor.</subfield>
  </datafield>
  <datafield tag="710" ind1="2" ind2=" ">
   <subfield code="a">SpringerLink (Online service).</subfield>
  </datafield>
  <datafield tag="856" ind1="4" ind2="0">
   <subfield code="z">Available for University of the Philippines Diliman via SpringerLink. Click here to access</subfield>
   <subfield code="u">http://doi.org/10.1007/978-3-319-89911-4</subfield>
  </datafield>
  <datafield tag="856" ind1="4" ind2="0">
   <subfield code="z">Also available remotely for University of the Philippines Diliman via SpringerLink. Click here to access thru EZproxy</subfield>
   <subfield code="u">https://link-springer-com.ezproxy.engglib.upd.edu.ph/book/10.1007%2F9783319899114</subfield>
  </datafield>
  <datafield tag="856" ind1=" " ind2=" ">
   <subfield code="z">(viewed 22 February 2020)</subfield>
  </datafield>
  <datafield tag="905" ind1=" " ind2=" ">
   <subfield code="a">FO</subfield>
  </datafield>
  <datafield tag="852" ind1="0" ind2=" ">
   <subfield code="a">UPD</subfield>
   <subfield code="b">DENG-II</subfield>
  </datafield>
  <datafield tag="942" ind1=" " ind2=" ">
   <subfield code="a">Electronic Resource</subfield>
  </datafield>
 </record>
</collection>
